000 00525nam a22001811a 4500
001 6636
003 OSt
005 20260204212058.0
008 060626s1994||||dr ||||||b||||||||||spa||
050 _aRD 302.23 I2v
100 _aIncháustegui, Arístides
245 _aVertilio en el Listín Diario / Arístides Incháustegui y Blanca Delgado Malagón
264 _aSanto Domingo : Corripio
300 _a411 p
490 _aColección sesquicentenario de la indepencia nacional
650 _a1.EscritosÌ
942 _2ddc
_cBK
999 _c6636
_d6636